| Tag |
First Indicator |
Second Indicator |
Subfields |
| LEADER |
00000cam a22000004a 4500 |
| 001 |
in00002482621 |
| 005 |
20151110063203.0 |
| 008 |
080710s2009 fluaf b 001 0 eng |
| 010 |
|
|
|a 2008030749
|
| 020 |
|
|
|a 9781420076493 (alk. paper)
|
| 020 |
|
|
|a 1420076493 (alk. paper)
|
| 029 |
1 |
|
|a NLGGC
|b 31527008X
|
| 035 |
|
|
|a (OCoLC)ocn181142693
|
| 035 |
|
|
|a (OCoLC)181142693
|
| 040 |
|
|
|a DLC
|c DLC
|d BTCTA
|d BAKER
|d YDXCP
|d C#P
|d BWX
|d CDX
|d UtOrBLW
|
| 049 |
|
|
|a TXAM
|
| 050 |
0 |
0 |
|a QD8.5
|b .C475 2009
|
| 082 |
0 |
0 |
|a 025.06/54
|2 22
|
| 245 |
0 |
0 |
|a Chemical information mining :
|b facilitating literature-based discovery /
|c edited by Debra L. Banville.
|
| 264 |
|
1 |
|a Boca Raton :
|b CRC Press,
|c [2009]
|
| 264 |
|
4 |
|c ©2009
|
| 300 |
|
|
|a xiii, 193 pages, 2 unnumbered pages of plates :
|b illustrations (some color) ;
|c 25 cm.
|
| 336 |
|
|
|a text
|b txt
|2 rdacontent
|
| 337 |
|
|
|a unmediated
|b n
|2 rdamedia
|
| 338 |
|
|
|a volume
|b nc
|2 rdacarrier
|
| 504 |
|
|
|a Includes bibliographical references and index.
|
| 650 |
|
0 |
|a Chemical literature
|x Research.
|
| 650 |
|
0 |
|a Data mining.
|
| 650 |
|
0 |
|a Information storage and retrieval systems
|x Chemistry.
|
| 700 |
1 |
|
|a Banville, Debra L.
|
| 938 |
|
|
|a Baker and Taylor
|b BTCP
|n BK0007517539
|
| 938 |
|
|
|a Baker & Taylor
|b BKTY
|c 99.95
|d 99.95
|i 1420076493
|n 0007517539
|s active
|
| 938 |
|
|
|a YBP Library Services
|b YANK
|n 2819014
|
| 938 |
|
|
|a Blackwell Book Service
|b BBUS
|n R5758407
|c $99.95
|
| 938 |
|
|
|a Coutts Information Services
|b COUT
|n 7022117
|c 99.95 USD
|
| 945 |
|
|
|a PromptCat
|b 618410
|
| 946 |
|
|
|a stk
|
| 947 |
|
|
|a A14837446103
|
| 994 |
|
|
|a 92
|b TXA
|
| 948 |
|
|
|a cataloged
|b h
|d 2009/2/13
|h c
|e asalazar
|f 12:02:47 pm
|
| 999 |
|
|
|a MARS
|
| 999 |
f |
f |
|s f07b936d-63cb-361b-af74-37e897986d59
|i 73e57288-83bf-358d-9068-84d2ae08bfc5
|t 0
|
| 952 |
f |
f |
|p ric
|a Texas A&M University
|b Rellis Campus
|c Joint Library Facility
|d Remote Storage
|t 0
|e QD8.5 .C475 2009
|h Library of Congress classification
|i unmediated -- volume
|m A14837446103
|
| 998 |
f |
f |
|a QD8.5 .C475 2009
|t 0
|l Remote Storage
|